[Event "I Miedzynarodowy Memorial Ireny Warakomskiej - Open B"]
[Site "Suwalki"]
[Date "2017-08-18"]
[Round "9.31"]
[White "Hasinski, Krystian "]
[Black "Karlov, Egor "]
[Result "1/2-1/2"]
[WhiteTitle ""]
[BlackTitle ""]
[WhiteElo "1904"]
[BlackElo "1724"]

1. c4 Nf6 2. Nc3 e6 3. g3 d5 4. Bg2 d4 5. Ne4 Nxe4 6. Bxe4 Be7 7. b4 O-O 8. Qb3
Nd7 9. d3 a5 10. b5 Bb4+ 11. Bd2 Bxd2+ 12. Kxd2 Nc5 13. Qa3 Nxe4+ 14. dxe4 b6
15. h4 Bb7 16. f3 Qf6 17. Qd3 Qe5 18. Rh3 f5 19. exf5 exf5 20. Rd1 Rfe8 21. Ke1
Rad8 22. Kf2 Qc5 23. Kg2 Re3 24. Qxe3 dxe3 25. Rxd8+ Kf7 26. Rd3 Qxc4 27. Rxe3
Qxb5 28. Rh1 Qc4 29. Nh3 Qxa2 30. Ng5+ Kg6 31. Re6+ Kh5 32. Kh3 Qb3 33. Rb1 Qa3
34. Ra1 Qb3 35. Rb1 Qa3 36. Ra1 Qb3 37. Rb1 Qa3 1/2-1/2

[Event "I Miedzynarodowy Memorial Ireny Warakomskiej - Open B"]
[Site "Suwalki"]
[Date "2017-08-18"]
[Round "9.32"]
[White "Ziemski, Przemyslaw"]
[Black "Huchwajda, Grzegorz"]
[Result "1-0"]
[WhiteTitle ""]
[BlackTitle ""]
[WhiteElo "1902"]
[BlackElo "1566"]

1. e4 c5 2. c4 Nc6 3. Nc3 Nf6 4. g3 g6 5. Bg2 Bg7 6. Nge2 e5 7. O-O O-O 8. d3 d6
9. Rb1 Be6 10. a3 a5 11. h3 Qd7 12. Kh2 Rab8 13. Nb5 Nd4 14. Nexd4 cxd4 15. Bd2
b6 16. b4 axb4 17. Bxb4 Ne8 18. a4 f5 19. f3 g5 20. g4 f4 21. Ra1 Ra8 22. Rf2
h5 23. Rfa2 hxg4 24. hxg4 Rf6 25. a5 Rh6+ 26. Kg1 bxa5 27. Rxa5 Rxa5 28. Rxa5
Bf8 29. Ra2 Qd8 30. Qa4 Qf6 31. Nxd4 Bxg4 32. Ne2 Bxf3 33. Bxf3 g4 34. Bxg4 Qh4
35. Bf3 Rg6+ 36. Kf1 Qh3+ 37. Kf2 Qh4+ 38. Kf1 Qh3+ 39. Kf2 Qh2+ 40. Ke1 Rg1+
41. Nxg1 Qxg1+ 42. Kd2 Qe3+ 43. Kc2 Qxf3 44. Qd7 1-0

[Event "I Miedzynarodowy Memorial Ireny Warakomskiej - Open B"]
[Site "Suwalki"]
[Date "2017-08-18"]
[Round "9.33"]
[White "Chin, Shun Yi"]
[Black "Kaniak, Justyna"]
[Result "0-1"]
[WhiteTitle ""]
[BlackTitle ""]
[WhiteElo "1521"]
[BlackElo "1901"]

1. e4 e5 2. Nc3 Nf6 3. Bc4 Bc5 4. d3 h6 5. Be3 Bb6 6. Nf3 d6 7. Bxb6 axb6 8. d4
exd4 9. Nxd4 O-O 10. O-O Re8 11. Re1 Nbd7 12. f4 Nc5 13. e5 dxe5 14. fxe5 Nh7
15. Ndb5 Bd7 16. Qd5 Ng5 17. Qd1 Nge6 18. b4 Na4 19. Nxa4 Rxa4 20. c3 Ra8 21.
a4 Qe7 22. Qf3 Bc6 23. Qg3 Red8 24. Bb3 Rd2 25. Ra2 Rad8 26. Kf1 Bxg2+ 27. Kg1
Bc6 28. Re2 Ng5 29. Raxd2 Nf3+ 30. Kf1 Nxd2+ 31. Rxd2 Rxd2 32. Nd4 Qg5 33. Qxg5
hxg5 34. e6 fxe6 35. Bxe6+ Kf8 36. h3 Rd3 37. Nxc6 bxc6 38. c4 Ke7 39. Bg4 Rc3
0-1

[Event "I Miedzynarodowy Memorial Ireny Warakomskiej - Open B"]
[Site "Suwalki"]
[Date "2017-08-18"]
[Round "9.34"]
[White "Milewski, Karol"]
[Black "Milanowski, Jan"]
[Result "0-1"]
[WhiteTitle ""]
[BlackTitle ""]
[WhiteElo "1747"]
[BlackElo "1815"]

1. d4 d5 2. c4 c6 3. e3 Nf6 4. Nc3 e6 5. a3 Nbd7 6. Nf3 Be7 7. Bd3 dxc4 8. Bxc4
b5 9. Bd3 Bb7 10. O-O O-O 11. e4 a6 12. Bg5 c5 13. dxc5 Nxc5 14. Bc2 Nfxe4 15.
Qxd8 Bxd8 16. Be3 Be7 17. Nxe4 Nxe4 18. a4 Nf6 19. axb5 axb5 20. Nd4 b4 21. Nb5
Rfc8 22. Bd3 Nd5 23. Rxa8 Rxa8 24. Bd4 Nf4 25. Bc4 Bxg2 26. Re1 Bf3 27. Bf1 Rd8
28. Be5 Nd3 29. Re3 Nxe5 30. Rxe5 Rd1 31. Re3 Bd5 32. Rd3 Rxd3 33. Bxd3 Bf6 0-1

[Event "I Miedzynarodowy Memorial Ireny Warakomskiej - Open B"]
[Site "Suwalki"]
[Date "2017-08-18"]
[Round "9.35"]
[White "Pytel, Przemyslaw"]
[Black "Norek, Bartosz "]
[Result "1-0"]
[WhiteTitle ""]
[BlackTitle ""]
[WhiteElo "1815"]
[BlackElo "1799"]

1. e4 c5 2. Nc3 a6 3. g3 b5 4. Bg2 Bb7 5. d3 e6 6. f4 b4 7. Nb1 d5 8. exd5 exd5
9. Nf3 Be7 10. O-O Nf6 11. a3 bxa3 12. Nxa3 O-O 13. Ne5 Nbd7 14. Kh1 Qc7 15. Nxd7
Nxd7 16. c3 Rfe8 17. Nc2 a5 18. Ne3 Nb6 19. Ng4 Bd6 20. f5 f6 21. Bf4 Bxf4 22.
Rxf4 a4 23. Rb1 Qd7 24. d4 c4 25. Qf3 Nc8 26. Ne3 Ra5 27. g4 Nd6 28. Re1 Ne4 29.
Re2 a3 30. bxa3 Bc6 31. Nc2 Rea8 32. Qe3 Qb7 33. Bxe4 dxe4 34. Kg1 Qb2 35. Rf1
Qb7 36. h4 Qd7 37. Ref2 Rf8 38. Rb1 g6 39. Rff1 1-0

[Event "I Miedzynarodowy Memorial Ireny Warakomskiej - Open B"]
[Site "Suwalki"]
[Date "2017-08-18"]
[Round "9.36"]
[White "Hagner, Pawel"]
[Black "Szczygiel, Jakub "]
[Result "1/2-1/2"]
[WhiteTitle ""]
[BlackTitle ""]
[WhiteElo "1709"]
[BlackElo "1797"]

1. d4 Nf6 2. Nf3 d5 3. Bg5 Ne4 4. Bh4 g6 5. e3 c6 6. c3 Bg7 7. Nbd2 Nxd2 8. Qxd2
O-O 9. Bd3 f6 10. h3 Qb6 11. Bg3 Nd7 12. O-O e5 13. dxe5 fxe5 14. Be2 Re8 15.
Rfe1 Nc5 16. Bh2 Ne4 17. Qc2 Nc5 18. b4 Ne4 19. Qb3 a5 20. bxa5 Qxb3 21. axb3
Nxc3 22. Bf1 e4 23. Nd4 Bd7 24. Rec1 c5 25. Rxc3 cxd4 1/2-1/2

[Event "I Miedzynarodowy Memorial Ireny Warakomskiej - Open B"]
[Site "Suwalki"]
[Date "2017-08-18"]
[Round "9.37"]
[White "Lascar, Radoslawa"]
[Black "Wolagiewicz, Kinga "]
[Result "0-1"]
[WhiteTitle ""]
[BlackTitle ""]
[WhiteElo "1778"]
[BlackElo "1611"]

1. e4 c6 2. Nc3 d5 3. Nf3 dxe4 4. Nxe4 Nf6 5. Nxf6+ exf6 6. d4 Bd6 7. Be2 O-O 8.
O-O Re8 9. c4 Bf5 10. Nh4 Bg6 11. Nxg6 hxg6 12. Bf3 Qc7 13. h3 Nd7 14. c5 Bf8
15. b4 a5 16. b5 cxb5 17. Qb3 b4 18. Qd5 b6 19. c6 Nb8 20. Be3 Na6 21. Qb5 f5
22. g3 Bd6 23. Kg2 Bxg3 24. fxg3 Rxe3 25. Rfe1 Rxe1 26. Rxe1 Qd8 27. Rd1 Qd6 28.
Qxb6 Nc7 29. d5 g5 30. g4 fxg4 31. Bxg4 a4 32. Rd4 b3 33. Rd1 bxa2 34. Qb2 a3
35. Qxa2 Rb8 36. Rd2 Rb5 37. Qc4 Rb2 38. Qc3 Qxd5+ 0-1

[Event "I Miedzynarodowy Memorial Ireny Warakomskiej - Open B"]
[Site "Suwalki"]
[Date "2017-08-18"]
[Round "9.38"]
[White "Koloczek, Maciej "]
[Black "Choinska, Debora "]
[Result "1-0"]
[WhiteTitle ""]
[BlackTitle ""]
[WhiteElo "1764"]
[BlackElo "1600"]

1. e4 e5 2. Nf3 Nf6 3. Nc3 Bb4 4. Bc4 O-O 5. O-O d6 6. d3 Bg4 7. Bg5 Bxc3 8. bxc3
Nbd7 9. h3 Be6 10. Nd2 h6 11. Be3 Re8 12. Bxe6 Rxe6 13. c4 c6 14. f4 exf4 15.
Bxf4 Ne5 16. Bxe5 Rxe5 17. Nf3 Re8 18. Rb1 Rb8 19. Qe1 Qe7 20. Nh4 d5 21. Nf5
Qe5 22. Qh4 dxe4 23. d4 Qe6 24. Nxh6+ gxh6 25. Rxf6 Qxc4 26. Rbf1 Qxd4+ 27. Kh1
Qc4 28. Qxh6 e3 29. R1f4 Qxf4 30. Rxf4 e2 31. Rg4# 1-0

[Event "I Miedzynarodowy Memorial Ireny Warakomskiej - Open B"]
[Site "Suwalki"]
[Date "2017-08-18"]
[Round "9.39"]
[White "Kwasniewski, Pawel "]
[Black "Tylenda, Krzysztof "]
[Result "1/2-1/2"]
[WhiteTitle ""]
[BlackTitle ""]
[WhiteElo "1702"]
[BlackElo "1750"]

1. d4 d5 2. Nf3 e6 3. Bf4 c6 4. c3 Bd6 5. Bxd6 Qxd6 6. e3 Nd7 7. Bd3 f5 8. Nbd2
Ngf6 9. O-O O-O 10. c4 Ne4 11. Rc1 Rf6 12. a3 Rh6 13. Qe2 Nxd2 14. Qxd2 e5 15.
dxe5 Nxe5 16. Nxe5 Qxe5 17. g3 Be6 18. Qc3 Qxc3 19. Rxc3 dxc4 20. Bxc4 Bxc4 21.
Rxc4 Rd6 22. Rfc1 Rad8 23. R4c2 Kf7 24. Kf1 Kf6 25. Ke2 Ke5 26. Rc5+ Rd5 27. R1c2
Rxc5 28. Rxc5+ Rd5 29. Rc4 1/2-1/2

[Event "I Miedzynarodowy Memorial Ireny Warakomskiej - Open B"]
[Site "Suwalki"]
[Date "2017-08-18"]
[Round "9.40"]
[White "Ziemski, Jaroslaw"]
[Black "Kalejta, Arkadiusz "]
[Result "1-0"]
[WhiteTitle ""]
[BlackTitle ""]
[WhiteElo "1668"]
[BlackElo "1677"]

1. e4 c5 2. Nc3 Nc6 3. f4 d6 4. Nf3 e6 5. d4 cxd4 6. Nxd4 Nf6 7. Be3 Be7 8. Be2
Nxd4 9. Qxd4 O-O 10. O-O-O Qa5 11. g4 Bd7 12. f5 b5 13. g5 b4 14. Rhg1 Kh8 15.
e5 bxc3 16. gxf6 gxf6 17. exf6 e5 18. fxe7 exd4 19. Bxd4+ f6 20. exf8=Q+ Rxf8
21. Bc4 cxb2+ 22. Bxb2 h6 23. Rg6 Qxf5 24. Bd3 Qf4+ 25. Kb1 Be8 26. Rg3 Qh4 27.
Rdg1 Bh5 28. Rg7 Bg6 29. R7xg6 1-0